000 00531nam a2200205Ia 4500
003 OSt
005 20220926044632.0
006 a|||||r|||| 00| 0
007 ta
008 220923b |||||||| |||| 00| 0 eng d
037 _cGeneral Book
040 _aRTL
_cRTL
_beng
041 _2eng
_aeng
082 _aU6.2.N5, K1;1
100 _aDas Gupta A
245 0 _aEconomic and Commercial geography with a detailed
260 _c1961
942 _hU6.2.N5, K1;1
_cGB
_2CC
999 _c675418
_d675418